Nguyến Ái Quốc - Hồ Chí Minh

.

Sparad:
Bibliografiska uppgifter
Materialtyp: Bok
Språk:Vietnamese
Publicerad: TP. Hồ Chí Minh Nxb. Văn nghệ TP. Hồ Chí Minh 1997
Serie:Tử sách Văn học trong nhà trường
Ämnen:
Taggar: Lägg till en tagg
Inga taggar, Lägg till första taggen!
Thư viện lưu trữ: Mạng thư viện Đại học Đà Nẵng
LEADER 00766nam a2200289 4500
001 000014349
003 10713
005 20120425160415.0
008 120425s1997 viesd
020 |c 13000đ 
041 0 |a vie 
082 |a 895.92209  |b Ngu 
245 0 |a Nguyến Ái Quốc - Hồ Chí Minh 
260 |a TP. Hồ Chí Minh  |b Nxb. Văn nghệ TP. Hồ Chí Minh  |c 1997 
300 |a 261tr  |c 19cm 
490 |a Tử sách Văn học trong nhà trường 
520 |a . 
653 |a Nguyễn Ái Quốc 
653 |a Hồ Chí Minh 
OWN |a LSP 
999 |a From the UDN01 
TYP |a Monograph 
TYP |a Printed language 
980 |a Mạng thư viện Đại học Đà Nẵng